<?xml version="1.0" encoding="UTF-8"?>
<collection xmlns="http://www.loc.gov/MARC21/slim">
 <record>
  <leader>01777nam a22002537a 4500</leader>
  <controlfield tag="001">NCT_39970</controlfield>
  <controlfield tag="008">180608b        xxu||||| |||| 00| 0 vie d</controlfield>
  <datafield tag="999" ind1=" " ind2=" ">
   <subfield code="c">1926</subfield>
   <subfield code="d">1926</subfield>
  </datafield>
  <datafield tag="020" ind1=" " ind2=" ">
   <subfield code="c">98000</subfield>
  </datafield>
  <datafield tag="082" ind1="0" ind2="4">
   <subfield code="2">23rd ed.</subfield>
   <subfield code="a">657.42</subfield>
   <subfield code="b">D557</subfield>
  </datafield>
  <datafield tag="100" ind1="1" ind2=" ">
   <subfield code="a">Phạm Văn Dược</subfield>
   <subfield code="e">chủ biên</subfield>
  </datafield>
  <datafield tag="245" ind1="1" ind2="0">
   <subfield code="a">Kế toán chi phí =</subfield>
   <subfield code="b">Cost accounting</subfield>
   <subfield code="c">Phạm Văn Dược (chủ biên) ; Trần Văn Tùng, Phạm Ngọc Toàn</subfield>
  </datafield>
  <datafield tag="260" ind1=" " ind2=" ">
   <subfield code="a">TP Hồ Chí Minh</subfield>
   <subfield code="b">Tài Chính</subfield>
   <subfield code="c">2010</subfield>
  </datafield>
  <datafield tag="300" ind1=" " ind2=" ">
   <subfield code="a">370 tr.</subfield>
   <subfield code="b">minh họa</subfield>
   <subfield code="c">24 cm</subfield>
  </datafield>
  <datafield tag="520" ind1="3" ind2=" ">
   <subfield code="a">Nội dung của tài liệu đã được hệ thống hóa những vấn đề lý luận liên quan đến tổ chức kế toán chi phí trong doanh nghiệp, từ những lý thuyết chung nhất cho đến việc tổ chức công tác kế toán chi phí, đối với từng loại hình doanh nghiệp cụ thể ...</subfield>
  </datafield>
  <datafield tag="653" ind1=" " ind2=" ">
   <subfield code="a">Kế toán</subfield>
  </datafield>
  <datafield tag="700" ind1="1" ind2=" ">
   <subfield code="a">Trần Văn Tùng</subfield>
  </datafield>
  <datafield tag="700" ind1="1" ind2=" ">
   <subfield code="a">Phạm Ngọc Toàn</subfield>
  </datafield>
  <datafield tag="942" ind1=" " ind2=" ">
   <subfield code="2">ddc</subfield>
   <subfield code="c">BK</subfield>
  </datafield>
  <datafield tag="952" ind1=" " ind2=" ">
   <subfield code="0">0</subfield>
   <subfield code="1">0</subfield>
   <subfield code="2">ddc</subfield>
   <subfield code="4">0</subfield>
   <subfield code="6">657_420000000000000_D557</subfield>
   <subfield code="7">0</subfield>
   <subfield code="9">10033</subfield>
   <subfield code="a">000001</subfield>
   <subfield code="b">000001</subfield>
   <subfield code="d">2018-06-08</subfield>
   <subfield code="o">657.42 D557</subfield>
   <subfield code="p">MD.07513</subfield>
   <subfield code="r">2018-06-08</subfield>
   <subfield code="v">98000.00</subfield>
   <subfield code="w">2018-06-08</subfield>
   <subfield code="y">BK</subfield>
  </datafield>
  <datafield tag="952" ind1=" " ind2=" ">
   <subfield code="0">0</subfield>
   <subfield code="1">0</subfield>
   <subfield code="2">ddc</subfield>
   <subfield code="4">0</subfield>
   <subfield code="6">657_420000000000000_D557</subfield>
   <subfield code="7">0</subfield>
   <subfield code="9">10034</subfield>
   <subfield code="a">000001</subfield>
   <subfield code="b">000001</subfield>
   <subfield code="d">2018-06-08</subfield>
   <subfield code="l">1</subfield>
   <subfield code="o">657.42 D557</subfield>
   <subfield code="p">MD.07516</subfield>
   <subfield code="q">2022-03-03</subfield>
   <subfield code="r">2022-02-17</subfield>
   <subfield code="s">2022-02-17</subfield>
   <subfield code="v">98000.00</subfield>
   <subfield code="w">2018-06-08</subfield>
   <subfield code="y">BK</subfield>
  </datafield>
  <datafield tag="952" ind1=" " ind2=" ">
   <subfield code="0">0</subfield>
   <subfield code="1">0</subfield>
   <subfield code="2">ddc</subfield>
   <subfield code="4">0</subfield>
   <subfield code="6">657_420000000000000_D557</subfield>
   <subfield code="7">0</subfield>
   <subfield code="9">10035</subfield>
   <subfield code="a">000001</subfield>
   <subfield code="b">000001</subfield>
   <subfield code="d">2018-06-08</subfield>
   <subfield code="o">657.42 D557</subfield>
   <subfield code="p">MD.07519</subfield>
   <subfield code="r">2018-06-08</subfield>
   <subfield code="v">98000.00</subfield>
   <subfield code="w">2018-06-08</subfield>
   <subfield code="y">BK</subfield>
  </datafield>
  <datafield tag="952" ind1=" " ind2=" ">
   <subfield code="0">0</subfield>
   <subfield code="1">0</subfield>
   <subfield code="2">ddc</subfield>
   <subfield code="4">0</subfield>
   <subfield code="6">657_420000000000000_D557</subfield>
   <subfield code="7">0</subfield>
   <subfield code="9">10036</subfield>
   <subfield code="a">000001</subfield>
   <subfield code="b">000001</subfield>
   <subfield code="d">2018-06-08</subfield>
   <subfield code="l">1</subfield>
   <subfield code="o">657.42 D557</subfield>
   <subfield code="p">MD.07491</subfield>
   <subfield code="q">2022-03-03</subfield>
   <subfield code="r">2022-02-17</subfield>
   <subfield code="s">2022-02-17</subfield>
   <subfield code="v">98000.00</subfield>
   <subfield code="w">2018-06-08</subfield>
   <subfield code="y">BK</subfield>
  </datafield>
  <datafield tag="980" ind1=" " ind2=" ">
   <subfield code="a">Thư viện Trường Đại học Nam Cần Thơ</subfield>
  </datafield>
 </record>
</collection>
